000 00620nam a22002417a 4500
003 UA-OsUOA
001 87288
007 ta
008 20120917b un ||||| |||| 00| 0 ukr d
100 _aАльдо Де Яко
090 _a821.131.1
_bД11
942 _cBK
040 _aUA-OsUOA
_brus
_cUA-OsUOA
_dUA-OsUOA
245 _aВремя идти
_bсборник
300 _a495 с.
955 _a3
041 _arus
080 _a821.131.1
020 _a5-05-002265-7
260 _aМ.
_bРадуга
_c1988
650 7 _a82 Література. Літературознавство
_2UDC
999 _c373980
_d373980